Die offensive des kapitals und die einheitsfront des proletorians / (Record no. 90198)

MARC details
000 -LEADER
campo de control de longitud fija 00471nam a2200145 i 4500
001 - NÚMERO DE CONTROL
campo de control 90198
003 - IDENTIFICADOR DE NÚMERO DE CONTROL
campo de control ES-MaACL
005 - FECHA Y HORA DE LA ÚLTIMA TRANSACCIÓN
campo de control 20230906180356.0
007 - CAMPO FIJO DE DESCRIPCIÓN FÍSICA--INFORMACIÓN GENERAL
campo de control de longitud fija t|
008 - DATOS DE LONGITUD FIJA--INFORMACIÓN GENERAL
campo de control de longitud fija 050119s1922 ddr ||||1| ger d
100 1# - ENTRADA PRINCIPAL--NOMBRE DE PERSONA
Nombre de persona Leder, J.
9 (RLIN) 71134
245 14 - MENCIÓN DEL TÍTULO
Título Die offensive des kapitals und die einheitsfront des proletorians /
Mención de responsabilidad, etc. J. Ledder.
260 ## - PUBLICACIÓN, DISTRIBUCIÓN, ETC.
Lugar de publicación, distribución, etc. Hamburg :
Nombre del editor, distribuidor, etc. Verlag der Kommunistischen Internationale Auslieferengstelle für Deutschland,
Fecha de publicación, distribución, etc. 1922.
852 ## - LOCALIZACIÓN
Ubicación ES-MaACL
Número de control de estantería 1633-F-12
Holdings
Estatus retirado Estado de pérdida Estado de daño No para préstamo Colección Biblioteca de origen Biblioteca actual Ubicación en estantería Fecha de adquisición Fuente de adquisición Total de préstamos Signatura topográfica completa Código de barras Visto por última vez Precio de reemplazo Tipo de ítem Koha
        Colección de folletos Biblioteca del Ateneo de Madrid Biblioteca del Ateneo de Madrid Depósito folletos 17/01/2008     1633-F-12 1094191 23/02/2023 23/02/2023 Folleto